00888nam a22002417a 4500001000500000005001700005020001800022040002900040050001500069082001000084100001600094245002400110250004200134260003400176300002300210505000700233520020500240521001800445521001700463942001500480999001500495952013600510258820240103140321.0 a9780545296571 aFISKHbengcFISKHdFISKH aPZ7.L41836 a813.6 aLaw, Ingrid aSavvy /cIngrid Law aFirst Scholastic printing, April 2010 aNew York :bScholastic,c2008 a342 pages :c19 cm aZ  aRecounts the adventures of Mibs Beaumont, whose thirteenth birthday has revealed her "savvy"--a magical power unique to each member of her family--just as her father is injured in a terrible accident. a1070 bLexile aZ bRaz-Plus 2ddccBKn0 c2588d2588 00102ddc40708FICa001b001cSBSd2024-01-03l1oLAW 813.6 PZ7.L41836pFIS04619r2025-03-14 08:52:19s2025-03-14w2024-01-03yBK